| 000 | 00449nam a22001577a 4500 | ||
|---|---|---|---|
| 005 | 20251108172403.0 | ||
| 008 | 250721s1992 xx 000 0 ara d | ||
| 082 | 1 | 4 | _a300/مهن |
| 100 | 1 | _aحداد، مهنا | |
| 245 | 1 | 0 | _aمداخل إلى العلوم الإجتماعية / |
| 264 | 1 |
_aعمان : _bدار مجدلاوي، _c1992. |
|
| 300 | _a442ص | ||
| 650 | 1 | 7 | _aالعلوم الإجتماعية |
| 942 |
_2ddc _cBK |
||
| 999 |
_c77939 _d77939 |
||